000 00302nam a2200121Ia 4500
008 220204s9999 xx 000 0 und d
082 _a336.7(038)
_bJEN
245 0 _aThomson's dictionary of banking
250 _aEd.25
260 _aGreat Britain
_bPitman
_c1974
700 _aJenkins, D B
942 _cBK
999 _c27861
_d27861